[Event "SVK-chT2D 2425"]
[Site "Slovakia"]
[Date "2024.11.10"]
[Round "2.5"]
[White "Brutovsky, Frantisek"]
[Black "Kendi, Stefan"]
[Result "0-1"]
[WhiteElo "1781"]
[BlackElo "1924"]
[PlyCount "46"]
[EventDate "2024.11.09"]
[EventType "team-tourn"]
[EventRounds "11"]
[EventCountry "SVK"]
[SourceTitle "CB51_2024"]
[SourceDate "2024.12.18"]
[SourceVersion "1"]
[SourceVersionDate "2024.12.18"]
[SourceQuality "1"]
[WhiteTeam "Gelnica Slovan"]
[BlackTeam "Velke Kapusany"]
[WhiteTeamCountry "SVK"]
[BlackTeamCountry "SVK"]

1. e4 e6 2. d4 d5 3. exd5 exd5 4. Bd3 Bd6 5. Nc3 c6 6. Qe2+ Ne7 7. Nf3 Bg4 8. h3 Bh5 9. 0-0 Nd7 10. Re1 Nf8 11. g4 Bg6 12. Nh4 Ne6 13. Nf5 0-0 14. Nxe7+ Qxe7 15. Bxg6 hxg6 16. Qd3 Qh4 17. Ne2 Rae8 18. Bd2 f5 19. g5 f4 20. Qxg6 Nxg5 21. Nxf4 Nf3+ 22. Kf1 Nxd2+ 23. Kg2 Qxf4 0-1

[Event "SVK-chT2D 2324"]
[Site "Slovakia"]
[Date "2024.03.17"]
[Round "11.6"]
[White "Jurov, Pavol"]
[Black "Brutovsky, Frantisek"]
[Result "1-0"]
[WhiteElo "1967"]
[BlackElo "1648"]
[PlyCount "41"]
[EventDate "2023.10.07"]
[EventType "team-tourn"]
[EventRounds "11"]
[EventCountry "SVK"]
[SourceTitle "EXT 2025"]
[Source "ChessBase"]
[SourceDate "2024.10.14"]
[SourceVersion "1"]
[SourceVersionDate "2024.10.14"]
[SourceQuality "1"]
[WhiteTeam "Moldava nad Bodvou"]
[BlackTeam "Gelnica Slovan"]
[WhiteTeamCountry "SVK"]
[BlackTeamCountry "SVK"]

1. c4 Nf6 2. Nc3 e6 3. d4 b6 4. e4 Bb4 5. Bd3 Bb7 6. Qe2 d6 7. Nf3 Qe7 8. 0-0 Bxc3 9. bxc3 Nbd7 10. Re1 e5 11. Nh4 h6 12. Nf5 Qf8 13. a4 a5 14. Ba3 g6 15. Ne3 Nxe4 16. Nd5 Bxd5 17. Bxe4 Bxe4 18. Qxe4 0-0-0 19. Qa8+ Nb8 20. c5 exd4 21. c6 1-0

[Event "SVK-chT2D 2324"]
[Site "Slovakia"]
[Date "2023.12.02"]
[Round "5.6"]
[White "Brutovsky, Frantisek"]
[Black "Kopcak, Stanislav"]
[Result "0-1"]
[WhiteElo "1648"]
[BlackElo "1876"]
[PlyCount "88"]
[EventDate "2023.10.07"]
[EventType "team-tourn"]
[EventRounds "11"]
[EventCountry "SVK"]
[SourceTitle "EXT 2025"]
[Source "ChessBase"]
[SourceDate "2024.10.14"]
[SourceVersion "1"]
[SourceVersionDate "2024.10.14"]
[SourceQuality "1"]
[WhiteTeam "Gelnica Slovan"]
[BlackTeam "Poprad LS VD"]
[WhiteTeamCountry "SVK"]
[BlackTeamCountry "SVK"]

1. Nf3 d5 2. d4 c6 3. Nc3 Bf5 4. e3 Nd7 5. Bd3 Bg6 6. Nh4 e5 7. Nxg6 hxg6 8. dxe5 Nxe5 9. Be2 Qc7 10. Qd4 Nd7 11. e4 Rxh2 12. Rxh2 Qxh2 13. exd5 Bc5 14. Qe4+ Kf8 15. Be3 Bxe3 16. fxe3 Re8 17. Qf3 Qg1+ 18. Qf1 Qxe3 19. Qf2 Qxf2+ 20. Kxf2 cxd5 21. Nxd5 Nc5 22. Bf3 Ne4+ 23. Bxe4 Rxe4 24. Kf3 Rd4 25. Ne3 Ne7 26. c3 Rd2 27. Nc4 Rd3+ 28. Ke2 Rd5 29. a4 b6 30. Ne3 Re5 31. Rd1 Nf5 32. Rd3 Ke7 33. Kf2 Rxe3 34. Rxe3+ Nxe3 35. Kxe3 Kd6 36. Kd4 f5 37. b4 g5 38. c4 g6 39. g3 a5 40. bxa5 bxa5 41. Kd3 Kc5 42. Kc3 g4 43. Kd3 g5 44. Kc3 f4 0-1

[Event "SVK-chT2D 2324"]
[Site "Slovakia"]
[Date "2023.10.08"]
[Round "2.7"]
[White "Danko, Milan"]
[Black "Brutovsky, Frantisek"]
[Result "0-1"]
[WhiteElo "1594"]
[BlackElo "1648"]
[PlyCount "118"]
[EventDate "2023.10.07"]
[EventType "team-tourn"]
[EventRounds "11"]
[EventCountry "SVK"]
[SourceTitle "EXT 2025"]
[Source "ChessBase"]
[SourceDate "2024.10.14"]
[SourceVersion "1"]
[SourceVersionDate "2024.10.14"]
[SourceQuality "1"]
[WhiteTeam "Kosice DPMK"]
[BlackTeam "Gelnica Slovan"]
[WhiteTeamCountry "SVK"]
[BlackTeamCountry "SVK"]

1. e4 c5 2. Nf3 e6 3. d4 cxd4 4. Nxd4 Nf6 5. Bd3 Nc6 6. Nb3 d5 7. exd5 Qxd5 8. 0-0 Nb4 9. Nc3 Qd8 10. Bb5+ Bd7 11. Bxd7+ Qxd7 12. Qe2 a6 13. a3 Nbd5 14. Rd1 Nxc3 15. bxc3 Qc7 16. c4 Rc8 17. Rd4 Bd6 18. Rh4 Nd7 19. Bb2 Be5 20. Bxe5 Nxe5 21. c5 Ng6 22. Re4 0-0 23. h3 Nf4 24. Qf3 e5 25. Rae1 f6 26. Rb4 Rf7 27. Kh2 Ne6 28. Qd5 Nf4 29. Qe4 Ne6 30. Qd5 Nxc5 31. Nxc5 Qxc5 32. c4 Qxf2 33. Reb1 Qf4+ 34. Kh1 b5 35. c5 Qf2 36. c6 Qb6 37. Rc1 Qc7 38. a4 Re8 39. Qb3 bxa4 40. Rxa4 Rb8 41. Qc4 a5 42. Rd1 Kh8 43. Qd5 Ra8 44. Rc4 h6 45. Qe6 Ra7 46. Rd7 Rxd7 47. cxd7 Qxd7 48. Rc8+ Kh7 49. Qg8+ Kg6 50. Rd8 Qc6 51. Rc8 Qb5 52. Rc4 e4 53. Qc8 h5 54. Rc1 Re7 55. Qd8 Re5 56. Qd4 e3 57. h4 e2 58. Qf2 Qd3 59. Kh2 Rf5 0-1

[Event "SVK-chT2D 1920"]
[Site "Slovakia"]
[Date "2020.03.07"]
[Round "10.5"]
[White "Sedlakova, Ivana"]
[Black "Brutovsky, Frantisek"]
[Result "1-0"]
[WhiteElo "1984"]
[BlackElo "1732"]
[PlyCount "84"]
[EventDate "2019.10.26"]
[EventType "team-tourn"]
[EventRounds "11"]
[EventCountry "SVK"]
[SourceTitle "EXT 2022"]
[Source "ChessBase"]
[SourceDate "2021.10.06"]
[SourceVersion "1"]
[SourceVersionDate "2021.10.06"]
[SourceQuality "1"]
[WhiteTeam "Presov Slavia PU"]
[BlackTeam "Gelnica Slovan"]
[WhiteTeamCountry "SVK"]
[BlackTeamCountry "SVK"]

1. d4 Nf6 2. c4 e6 3. Nf3 b6 4. e3 Bb7 5. Be2 Bb4+ 6. Bd2 Qe7 7. 0-0 Bxd2 8. Nbxd2 0-0 9. Qc2 c5 10. Rfd1 d5 11. cxd5 Nxd5 12. dxc5 Nb4 13. Qc3 bxc5 14. Nb3 Nd7 15. a3 Nd5 16. Qc2 N5f6 17. Rac1 Rac8 18. Nfd2 Bd5 19. e4 Ba8 20. f3 Nh5 21. Bb5 Bc6 22. Ba6 Rb8 23. Nxc5 Ne5 24. b4 Qg5 25. Kh1 Qh6 26. Nf1 f5 27. exf5 Nxf3 28. Ne4 Bxe4 29. Qxe4 Ng5 30. Qe3 exf5 31. Bc4+ Kh8 32. Qxa7 Ne4 33. Kg1 Rb6 34. Bd5 Nf4 35. Rc2 Nh3+ 36. gxh3 Ng5 37. Bg2 Rg6 38. Rc3 Nxh3+ 39. Kh1 Nf4 40. Qe7 Rg8 41. Rd8 Ne6 42. Rxg8+ Kxg8 1-0

[Event "SVK-chT2D 1920"]
[Site "Slovakia"]
[Date "2019.10.27"]
[Round "2.8"]
[White "Brutovsky, Frantisek"]
[Black "Tokarcik, Patrik"]
[Result "1-0"]
[WhiteElo "1732"]
[BlackElo "1529"]
[PlyCount "59"]
[EventDate "2019.10.26"]
[EventType "team-tourn"]
[EventRounds "11"]
[EventCountry "SVK"]
[SourceTitle "CBM 193 Extra"]
[Source "ChessBase"]
[SourceDate "2020.01.31"]
[SourceVersion "1"]
[SourceVersionDate "2020.01.31"]
[SourceQuality "1"]
[WhiteTeam "Gelnica Slovan"]
[BlackTeam "Bardejov BSK II"]
[WhiteTeamCountry "SVK"]
[BlackTeamCountry "SVK"]

1. Nf3 Nc6 2. d4 d5 3. Bf4 Bf5 4. e3 Nf6 5. Bb5 Nd7 6. c3 a6 7. Bxc6 bxc6 8. Qa4 Ra7 9. Qxc6 e6 10. 0-0 Bd3 11. e4 Bxf1 12. Kxf1 Be7 13. Ne5 Bd6 14. Nd2 Bxe5 15. Bxe5 0-0 16. a4 Nxe5 17. dxe5 Qe7 18. Kg1 f6 19. Nf3 fxe5 20. Nxe5 Qd6 21. f3 Qxc6 22. Nxc6 Rb7 23. b4 Rf6 24. g4 Kf8 25. g5 Rg6 26. Ne5 Ke7 27. h4 Rf6 28. gxf6+ gxf6 29. Nd3 Kd6 30. Nc5 1-0

[Event "SVK-chT2D 1920"]
[Site "Slovakia"]
[Date "2019.10.26"]
[Round "1.8"]
[White "Greslik, Michal"]
[Black "Brutovsky, Frantisek"]
[Result "1-0"]
[WhiteElo "1767"]
[BlackElo "1732"]
[PlyCount "73"]
[EventDate "2019.10.26"]
[EventType "team-tourn"]
[EventRounds "11"]
[EventCountry "SVK"]
[SourceTitle "CBM 193 Extra"]
[Source "ChessBase"]
[SourceDate "2020.01.31"]
[SourceVersion "1"]
[SourceVersionDate "2020.01.31"]
[SourceQuality "1"]
[WhiteTeam "Stropkov/Svidnik"]
[BlackTeam "Gelnica Slovan"]
[WhiteTeamCountry "SVK"]
[BlackTeamCountry "SVK"]

1. e4 e6 2. d4 d5 3. exd5 exd5 4. c4 Nf6 5. Nc3 c6 6. cxd5 Nxd5 7. Bc4 Be6 8. Bxd5 Bxd5 9. Nxd5 Qxd5 10. Qe2+ Be7 11. Nf3 Qd8 12. Bg5 f6 13. Bd2 0-0 14. 0-0 Na6 15. Rfe1 Bd6 16. Qe6+ Kh8 17. a3 Nc7 18. Qh3 Qc8 19. Qh5 Nd5 20. Nh4 Kg8 21. g3 Ne7 22. Re2 g6 23. Qf3 g5 24. Ng2 Nd5 25. Rae1 Qd7 26. Qh5 Qf7 27. Qg4 Rae8 28. h4 h5 29. Qf5 Rxe2 30. Rxe2 Ne7 31. Qe6 Qxe6 32. Rxe6 Nc8 33. hxg5 fxg5 34. Bxg5 c5 35. Be3 Kf7 36. Rh6 cxd4 37. Bxd4 1-0

[Event "SVK-chT2D 1718"]
[Site "Slovakia"]
[Date "2018.03.17"]
[Round "10.8"]
[White "Gic, Samuel"]
[Black "Brutovsky, Frantisek"]
[Result "0-1"]
[WhiteElo "1716"]
[BlackElo "1738"]
[PlyCount "114"]
[EventDate "2017.10.28"]
[EventType "team-tourn"]
[EventRounds "11"]
[EventCountry "SVK"]
[SourceTitle "EXT 2020"]
[Source "ChessBase"]
[SourceDate "2019.10.17"]
[SourceVersion "1"]
[SourceVersionDate "2019.10.17"]
[SourceQuality "1"]
[WhiteTeam "Humenne Reinter"]
[BlackTeam "Gelnica Slovan"]
[WhiteTeamCountry "SVK"]
[BlackTeamCountry "SVK"]

1. e4 c5 2. Nf3 a6 3. d4 cxd4 4. Nxd4 Nf6 5. Nc3 e5 6. Nf5 d5 7. Bg5 Bxf5 8. exf5 Bb4 9. a3 Bxc3+ 10. bxc3 Qa5 11. Bd2 Ne4 12. Be2 Qc5 13. 0-0 Nxd2 14. Qxd2 Nd7 15. Qg5 0-0 16. Rab1 b5 17. Rb4 h6 18. Qg3 Nf6 19. Rh4 Kh7 20. Qh3 Rac8 21. c4 bxc4 22. g4 Ne4 23. g5 Nxg5 24. Qg4 Qe7 25. Kh1 Qf6 26. Rg1 Ne4 27. Qg2 Rg8 28. Rg4 Kh8 29. f3 Nd6 30. f4 Nxf5 31. Qf2 e4 32. R4g2 d4 33. Bg4 e3 34. Qe2 d3 35. cxd3 Nh4 36. Rg3 cxd3 37. Qxe3 d2 38. Qxd2 Qc6+ 39. R1g2 Nxg2 40. Bxc8 Nh4+ 41. Kg1 Nf3+ 42. Rxf3 Qxf3 43. Bxa6 Rb8 44. Qc2 Qxf4 45. Bd3 Qg4+ 46. Kh1 Rd8 47. Be2 Qg5 48. Bf3 Re8 49. Qc3 Qh4 50. Kg2 Qg5+ 51. Kh1 Rb8 52. Qc2 Qf6 53. Be2 Qf2 54. Qd3 Re8 55. Bf1 Re1 56. Qd8+ Kh7 57. Qd3+ g6 0-1

[Event "SVK-chT2D 1718"]
[Site "Slovakia"]
[Date "2018.02.24"]
[Round "8.8"]
[White "Brutovsky, Frantisek"]
[Black "Kardis, Benjamin"]
[Result "0-1"]
[WhiteElo "1706"]
[BlackElo "1820"]
[PlyCount "74"]
[EventDate "2017.10.28"]
[EventType "team-tourn"]
[EventRounds "11"]
[EventCountry "SVK"]
[SourceTitle "EXT 2019"]
[Source "ChessBase"]
[SourceDate "2018.10.10"]
[SourceVersion "1"]
[SourceVersionDate "2018.10.10"]
[SourceQuality "1"]
[WhiteTeam "Gelnica Slovan"]
[BlackTeam "Presov Slavia"]
[WhiteTeamCountry "SVK"]
[BlackTeamCountry "SVK"]

1. Nf3 Nc6 2. d4 d5 3. Bf4 Nf6 4. e3 Nh5 5. Ne5 Nxf4 6. exf4 Qd6 7. c3 g6 8. Bb5 f6 9. Nd3 Bh6 10. g3 0-0 11. Nc5 e5 12. fxe5 fxe5 13. Bxc6 Qxc6 14. Nd3 e4 15. Ne5 Qf6 16. Qe2 Bh3 17. Rg1 Qg5 18. Nd2 Qxd2+ 19. Qxd2 Bxd2+ 20. Kxd2 Rxf2+ 21. Ke3 Raf8 22. c4 c6 23. b4 Bf1 24. Rgxf1 Rxf1 25. Rxf1 Rxf1 26. a4 Ra1 27. b5 Rxa4 28. bxc6 bxc6 29. Nxc6 dxc4 30. d5 Kf8 31. Kxe4 c3+ 32. Kd3 c2 33. Kxc2 Ke8 34. Kb3 Ra1 35. Kb4 Kd7 36. Kc5 Rc1+ 37. Kb5 Kd6 0-1

[Event "SVK-chT2D 1314"]
[Site "Slovakia"]
[Date "2013.11.24"]
[Round "4.8"]
[White "Brutovsky, Frantisek"]
[Black "Gajdos, Michal"]
[Result "1-0"]
[WhiteElo "1762"]
[BlackElo "1722"]
[PlyCount "75"]
[EventDate "2013.10.19"]
[EventType "team-tourn"]
[EventRounds "11"]
[EventCountry "SVK"]
[SourceTitle "EXT 2015"]
[Source "ChessBase"]
[SourceDate "2014.11.20"]
[SourceVersion "1"]
[SourceVersionDate "2014.11.20"]
[SourceQuality "1"]
[WhiteTeam "Gelnica Slovan"]
[BlackTeam "Presov Tatran Dason"]
[WhiteTeamCountry "SVK"]
[BlackTeamCountry "SVK"]

1. Nf3 f5 2. d4 d6 3. g3 c6 4. Bg2 g6 5. Nc3 Bg7 6. e4 Nh6 7. Bg5 0-0 8. h4 Ng4 9. Qd2 h6 10. Bf4 e5 11. dxe5 dxe5 12. Be3 Qe7 13. Nh2 Nxe3 14. fxe3 Rd8 15. Qe2 Be6 16. Rd1 Nd7 17. h5 g5 18. exf5 Bxf5 19. 0-0 Be6 20. Ne4 Nb6 21. b3 Rxd1 22. Rxd1 Rf8 23. c4 Bf5 24. g4 Be6 25. Qd2 Nd7 26. Qa5 Nb6 27. Qxa7 Qc7 28. Nc5 Re8 29. Qxb7 Qxb7 30. Nxb7 Rc8 31. Nd8 Bd7 32. Nb7 c5 33. Rd6 Nxc4 34. bxc4 Ba4 35. Bd5+ Kf8 36. Rd8+ Rxd8 37. Nxd8 Ke7 38. Nb7 1-0

[Event "SVK-chT2D 1314"]
[Site "Slovakia"]
[Date "2013.10.20"]
[Round "2.7"]
[White "Brutovsky, Frantisek"]
[Black "Fecko, Frantisek"]
[Result "0-1"]
[WhiteElo "1762"]
[BlackElo "1796"]
[PlyCount "66"]
[EventDate "2013.10.19"]
[EventType "team-tourn"]
[EventRounds "11"]
[EventCountry "SVK"]
[SourceTitle "EXT 2015"]
[Source "ChessBase"]
[SourceDate "2014.11.20"]
[SourceVersion "1"]
[SourceVersionDate "2014.11.20"]
[SourceQuality "1"]
[WhiteTeam "Gelnica Slovan"]
[BlackTeam "Kosice Tahanovce"]
[WhiteTeamCountry "SVK"]
[BlackTeamCountry "SVK"]

1. Nf3 g6 2. d4 Bg7 3. e4 d6 4. Bc4 Nf6 5. Nbd2 0-0 6. 0-0 Nbd7 7. Re1 Nb6 8. Bb3 a5 9. a4 e6 10. c4 c5 11. Nf1 cxd4 12. Nxd4 d5 13. exd5 exd5 14. c5 Nc4 15. Qc2 Ne4 16. Bxc4 Bxd4 17. Rxe4 dxe4 18. Be3 Bxe3 19. Nxe3 Qe7 20. Nd5 Qe5 21. Re1 Bf5 22. g4 Bxg4 23. Rxe4 Bf5 24. Rxe5 Bxc2 25. Re7 Rac8 26. Nf6+ Kg7 27. Nd5 Rxc5 28. b3 Bf5 29. Nc7 Bh3 30. Ne8+ Rxe8 31. Rxe8 Rg5+ 32. Kh1 Bg2+ 33. Kg1 Bc6+ 0-1

[Event "SVK-chT2D 1213"]
[Site "Slovakia"]
[Date "2012.12.16"]
[Round "6.5"]
[White "Brutovsky, Frantisek"]
[Black "Krak, Tomas"]
[Result "0-1"]
[WhiteElo "1733"]
[BlackElo "2297"]
[PlyCount "86"]
[EventDate "2012.10.13"]
[EventType "team-tourn"]
[EventRounds "11"]
[EventCountry "SVK"]
[SourceTitle "EXT 2015"]
[Source "ChessBase"]
[SourceDate "2014.11.20"]
[SourceVersion "1"]
[SourceVersionDate "2014.11.20"]
[SourceQuality "1"]
[WhiteTeam "Gelnica Slovan"]
[BlackTeam "Prakovce"]
[WhiteTeamCountry "SVK"]
[BlackTeamCountry "SVK"]

1. Nf3 c5 2. c4 g6 3. d4 Bg7 4. dxc5 Na6 5. Nc3 Nxc5 6. g3 b6 7. Bg2 Bb7 8. 0-0 Nf6 9. b4 Nfe4 10. bxc5 Nxc3 11. Qd3 Na4 12. Be3 Nxc5 13. Bxc5 bxc5 14. Rab1 Bc6 15. Qa3 d6 16. Qa6 Qc8 17. Qa5 0-0 18. Rb3 Qd7 19. Nh4 Bf6 20. Bxc6 Qxc6 21. Ng2 Rfb8 22. Rxb8+ Rxb8 23. Ne3 Qb6 24. Qa4 e6 25. Rd1 h5 26. Rd3 Bd4 27. Nc2 Be5 28. Ra3 Rb7 29. Rb3 Qc7 30. Rb5 Qc6 31. Qa5 Kg7 32. a4 a6 33. Rxb7 Qxb7 34. Ne3 Bd4 35. Nf1 d5 36. e3 Bf6 37. Qxc5 dxc4 38. Qxc4 Qb6 39. Qd3 Qc6 40. Qb3 h4 41. gxh4 Qc1 42. Qd3 Bxh4 43. Qxa6 Qe1 0-1

[Event "SVK-chT2D 1213"]
[Site "Slovakia"]
[Date "2012.12.15"]
[Round "5.8"]
[White "Brutovsky, Frantisek"]
[Black "Pacholsky, Radovan"]
[Result "1-0"]
[WhiteElo "1733"]
[BlackElo "1982"]
[PlyCount "38"]
[EventDate "2012.10.13"]
[EventType "team-tourn"]
[EventRounds "11"]
[EventCountry "SVK"]
[SourceTitle "EXT 2015"]
[Source "ChessBase"]
[SourceDate "2014.11.20"]
[SourceVersion "1"]
[SourceVersionDate "2014.11.20"]
[SourceQuality "1"]
[WhiteTeam "Gelnica Slovan"]
[BlackTeam "Margecany"]
[WhiteTeamCountry "SVK"]
[BlackTeamCountry "SVK"]

1. Nf3 d6 2. c4 c5 3. d4 cxd4 4. Nxd4 Nc6 5. g3 e6 6. Bg2 Nxd4 7. Qxd4 Qf6 8. Qd3 Ne7 9. Nc3 Nc6 10. Ne4 Qd4 11. Qb3 Bd7 12. Be3 Qe5 13. Bf4 Qa5+ 14. Bd2 Qa6 15. 0-0 Rb8 16. Bc3 Ne5 17. c5 Nc4 18. cxd6 Ba4 19. Qb4 Bb5 1-0

[Event "SVK-chT2D 1112"]
[Site "Slovakia"]
[Date "2011.10.09"]
[Round "2.6"]
[White "Serbin, Rastislav"]
[Black "Brutovsky, Frantisek"]
[Result "1-0"]
[WhiteElo "1940"]
[BlackElo "1685"]
[PlyCount "31"]
[EventDate "2011.10.08"]
[EventType "team-tourn"]
[EventRounds "11"]
[EventCountry "SVK"]
[SourceTitle "EXT 2013"]
[Source "ChessBase"]
[SourceDate "2012.11.22"]
[SourceVersion "1"]
[SourceVersionDate "2012.11.22"]
[SourceQuality "1"]
[WhiteTeam "Kosice Slavia TU IV"]
[BlackTeam "Gelnica Slovan"]
[WhiteTeamCountry "SVK"]
[BlackTeamCountry "SVK"]

1. d4 e6 2. Nf3 b6 3. e4 Bb7 4. Bd3 c5 5. c3 a6 6. 0-0 Be7 7. Re1 Nf6 8. Bg5 0-0 9. Nbd2 cxd4 10. cxd4 d5 11. e5 Nfd7 12. Bxe7 Qxe7 13. Qc2 h6 14. Qc7 Nc6 15. Qxb7 Ra7 16. Qxc6 1-0

[Event "SVK-chT2D 0708"]
[Site "Slovakia"]
[Date "2007.12.02"]
[Round "6.6"]
[White "Brutovsky, Frantisek"]
[Black "Galovic, Stefan"]
[Result "1/2-1/2"]
[WhiteElo "1899"]
[BlackElo "2178"]
[PlyCount "143"]
[EventDate "2007.10.06"]
[EventType "team-tourn"]
[EventRounds "11"]
[EventCountry "SVK"]
[SourceTitle "EXT 2010"]
[Source "ChessBase"]
[SourceDate "2010.11.25"]
[SourceVersion "1"]
[SourceVersionDate "2010.11.25"]
[SourceQuality "1"]
[WhiteTeam "Gelnica Slovan"]
[BlackTeam "Svit SO"]
[WhiteTeamCountry "SVK"]
[BlackTeamCountry "SVK"]

1. Nf3 Nf6 2. b3 g6 3. Bb2 Bg7 4. c4 0-0 5. e3 c6 6. Be2 d5 7. 0-0 Bg4 8. d3 Nbd7 9. Nbd2 Re8 10. cxd5 cxd5 11. d4 Rc8 12. h3 Bxf3 13. Nxf3 Qa5 14. a3 Ne4 15. b4 Qc7 16. Rc1 Qb8 17. Bb5 Red8 18. Bxd7 Rxd7 19. Rxc8+ Qxc8 20. Qa4 a6 21. Rc1 Rc7 22. Rxc7 Qxc7 23. Qb3 Qc4 24. Qd1 Qa2 25. Qa1 Qb3 26. Qc1 Nd6 27. Nd2 Qd3 28. Qc3 Qe2 29. Qc1 Bf6 30. Bc3 Nb5 31. Bb2 Bh4 32. g3 Bg5 33. Nb1 Nd6 34. Nc3 Qf3 35. Qd1 Qf5 36. Kg2 Nc4 37. Bc1 h5 38. h4 Bf6 39. Qf3 Qc2 40. Ne2 Kg7 41. g4 Bxh4 42. gxh5 g5 43. Ng3 Bxg3 44. Qxg3 f6 45. Qg4 Qxc1 46. Qf5 Nxe3+ 47. fxe3 Qd2+ 48. Kf1 Qd1+ 49. Kf2 Qxh5 50. Qxd5 Qh2+ 51. Kf1 Qc7 52. Qe4 b5 53. Kg2 Qd6 54. Kf3 e6 55. Qb7+ Kg6 56. Qc8 Kf7 57. Qb7+ Ke8 58. Qc8+ Ke7 59. Qb7+ Kd8 60. Qa8+ Kd7 61. Qa7+ Qc7 62. Qxa6 Qc6+ 63. Qxc6+ Kxc6 64. Ke4 f5+ 65. Ke5 g4 66. Kxe6 g3 67. d5+ Kb7 68. d6 g2 69. d7 g1Q 70. d8Q Qxe3+ 71. Kxf5 Qxa3 72. Qd6 1/2-1/2

[Event "SVK-chT2D 0708"]
[Site "Slovakia"]
[Date "2007.12.01"]
[Round "5.5"]
[White "Brutovsky, Frantisek"]
[Black "Pastierik, Jozef"]
[Result "1/2-1/2"]
[WhiteElo "1899"]
[BlackElo "1554"]
[PlyCount "104"]
[EventDate "2007.10.06"]
[EventType "team-tourn"]
[EventRounds "11"]
[EventCountry "SVK"]
[SourceTitle "EXT 2010"]
[Source "ChessBase"]
[SourceDate "2010.11.25"]
[SourceVersion "1"]
[SourceVersionDate "2010.11.25"]
[SourceQuality "1"]
[WhiteTeam "Gelnica Slovan"]
[BlackTeam "Spisska Nova Ves"]
[WhiteTeamCountry "SVK"]
[BlackTeamCountry "SVK"]

1. c4 e5 2. d3 Nc6 3. Nf3 d6 4. e3 Nf6 5. Be2 Be7 6. 0-0 0-0 7. Nbd2 Be6 8. a3 Qd7 9. b4 a6 10. Bb2 h6 11. Qc2 Na7 12. d4 exd4 13. Nxd4 c5 14. Nxe6 Qxe6 15. Bf3 Rab8 16. Rab1 cxb4 17. Bxf6 Qxf6 18. axb4 b5 19. Qa2 Rb6 20. Bd5 Nc6 21. Ne4 Qg6 22. c5 dxc5 23. bxc5 Rbb8 24. Qxa6 Ne5 25. Qxg6 Nxg6 26. f4 Rfc8 27. Rfc1 Kf8 28. g3 Ke8 29. c6 Rc7 30. Nc5 Bxc5 31. Rxc5 b4 32. Rc4 Ne7 33. e4 b3 34. Rc3 b2 35. Rc2 f6 36. Rcxb2 Rxb2 37. Rxb2 Kd8 38. Rb8+ Nc8 39. Kf2 Ke7 40. Rb7 Kd8 41. e5 fxe5 42. fxe5 Ne7 43. Rb8+ Rc8 44. Rxc8+ Kxc8 45. Be6+ Kc7 46. Bd7 Nxc6 47. Bxc6 Kxc6 48. Kf3 Kd5 49. Kf4 Ke6 50. h4 g6 51. g4 h5 52. g5 Kd5 1/2-1/2